Countries by Oil Imports - Statistics

General Stats
  • This quiz has been taken 782 times
    99 since last reset
  • The average score is 15 of 20
Answer Stats
Answer % Correct
United States
99%
China
97%
United Kingdom
94%
France
91%
Germany
91%
Spain
91%
Italy
90%
India
89%
Japan
86%
Canada
85%
Poland
80%
South Korea
74%
Turkey
71%
Thailand
68%
Netherlands
63%
Belgium
52%
Singapore
51%
Greece
49%
Taiwan
49%
Belarus
22%
No matching quizzes found
Score Distribution
Percent of People with Each Score
Percentile by Number Answered
Your Score History
You have not taken this quiz since the last reset